000 00546nam a2200193Ia 4500
003 GCL
008 140319s9999 xx 000 0 ara d
040 _aGCL /
_cGCL
082 0 4 _a819
_bس ه
100 1 _aسعيد علوشى
245 1 0 _aهرمونيتك النثر الادبى /
_cسعيد علوشى
700 1 _aسعيد علوش
260 _a[S.N] :
_bدار الكتاب اللبنانى ،
_c1985
300 _a72 ص
490 _a
650 0 4 _aالادب العربى
650 0 4 _aالنثر العربى
942 _2ddc
_cBK
999 _c49257
_d49257